NBA Shooting Fouls Drawn Per Year Leaders - Statistics

General Stats
  • This quiz has been taken 54 times
  • The average score is 21 of 26
Answer Stats
Season Shooting Fouls Drawn Player % Correct
2019-20 326 James Harden
100%
2018-19 358 James Harden
100%
2015-16 337 James Harden
100%
2014-15 335 James Harden
100%
2012-13 350 James Harden
100%
2006-07 313 LeBron James
94%
2005-06 362 LeBron James
94%
2003-04 282 Shaquille O'Neal
88%
2002-03 323 Shaquille O'Neal
88%
2001-02 318 Shaquille O'Neal
88%
2000-01 365 Shaquille O'Neal
88%
1999-00 327 Shaquille O'Neal
88%
1998-99 216 Shaquille O'Neal
88%
2020-21 295 Giannis Antetokounmpo
81%
2017-18 316 Giannis Antetokounmpo
81%
2016-17 350 Russell Westbrook
79%
2013-14 311 Kevin Durant
73%
2021-22 371 Joel Embiid
67%
2011-12 238 Dwight Howard
65%
2010-11 391 Dwight Howard
65%
2009-10 355 Dwight Howard
65%
2008-09 378 Dwight Howard
65%
2007-08 385 Dwight Howard
65%
1997-98 297 Karl Malone
50%
1996-97 296 Karl Malone
50%
2004-05 375 Amar'e Stoudemire
29%
No matching quizzes found
Score Distribution
Percent of People with Each Score
Percentile by Number Answered
Your Score History
You have not taken this quiz